Bedwell Park Quarry Co Ltd v Hertfordshire CC (Record no. 32105)

MARC details
000 -LEADER
fixed length control field 01578cab a2200265 4500
001 - CONTROL NUMBER
control field Z3225
008 - FIXED-LENGTH DATA ELEMENTS--GENERAL INFORMATION
fixed length control field 090401t1993 xxu||||| |||| 00| 0 eng d
035 ## - SYSTEM CONTROL NUMBER
System control number (Sirsi) u51737
041 ## - LANGUAGE CODE
Language code of text/sound track or separate title eng
245 ## - TITLE STATEMENT
Title Bedwell Park Quarry Co Ltd v Hertfordshire CC
260 ## - PUBLICATION, DISTRIBUTION, ETC.
Date of publication, distribution, etc. 1993
350 ## - PRICE (NR) (BK AM CF MU VM SE) [OBSOLETE]
Price 0
490 ## - SERIES STATEMENT
Series statement Journal of Planning and Environment Law
Volume/sequential designation 1993 JPL 349-353(3)
520 ## - SUMMARY, ETC.
Summary, etc. CA 15 May 1992. An appeal on an agreement made under Town and Country Planning Act 1971 s52 and Local Government (Miscellaneous Provisions) Act 1982 s33 between the company, B, and the council, E. The agreement related to land owned by B and allowed them to operate a scheme of for extraction of chalk. Under the agreement B covenanted that infilling should take place as shown on a plan and that the land should be restored by September 1989. B applied to LT and sought relief on the grounds that this was a `positive` burden and under Law of Property Act 1925 s84 claimed relief against restrictive covenants. B sought to amend the land restoration statement to `by 30 June 1997`. CA held in favour of E on the grounds that the covenant improved a `positive` obligation.
650 ## - SUBJECT ADDED ENTRY--TOPICAL TERM
Topical term or geographic name entry element LAND RESTORATION CONDITION
650 ## - SUBJECT ADDED ENTRY--TOPICAL TERM
Topical term or geographic name entry element LAW OF PROPERTY ACT 1925 S84
650 ## - SUBJECT ADDED ENTRY--TOPICAL TERM
Topical term or geographic name entry element LOCAL GOVERNMENT (MISCELANEOUS PROVISIONS) ACT 1982 S33
650 ## - SUBJECT ADDED ENTRY--TOPICAL TERM
Topical term or geographic name entry element PLANNING CONDITIONS
650 ## - SUBJECT ADDED ENTRY--TOPICAL TERM
Topical term or geographic name entry element POSITIVE OBLIGATIONS
650 ## - SUBJECT ADDED ENTRY--TOPICAL TERM
Topical term or geographic name entry element TOWN AND COUNTRY PLANNING ACT 1971 S52
650 ## - SUBJECT ADDED ENTRY--TOPICAL TERM
Topical term or geographic name entry element TOWN AND COUNTRY PLANNING ACT 1991 S106
690 ## - LOCAL SUBJECT ADDED ENTRY--TOPICAL TERM (OCLC, RLIN)
Topical term or geographic name as entry element MINING AND MINERALS-CASE LAW
942 ## - ADDED ENTRY ELEMENTS (KOHA)
Suppress in OPAC 0
948 ## - LOCAL PROCESSING INFORMATION (OCLC); SERIES PART DESIGNATOR (RLIN)
c (OCLC) 04/03/1997
Holdings
Withdrawn status Lost status Source of classification or shelving scheme Damaged status Not for loan Home library Current library Shelving location Date acquired Total Checkouts Full call number Barcode Date last seen Copy number Price effective from Koha item type
    Dewey Decimal Classification     London London Journal article 14/09/1999   Z3225 51737-1001 06/08/2019 1 06/08/2019 Law report